High-flying adventures in the stock market /

"Ever wonder what happens to the money you send to your mutual fund? Ever wonder exactly what it takes to produce the performance numbers on your monthly statement? Maybe you own a few stocks, and buy and sell from time to time. But how would you like to be responsible for managing a $2 billion...

Full description

Saved in:
Bibliographic Details
Main Author: Baker, Molly, 1969-
Format: Book
Language:English
Published: New York : John Wiley, c2000.
Subjects:
Tags: Add Tag
No Tags, Be the first to tag this record!
LEADER 02167pam a22002894a 4500
001 008397643-4
005 20021204145318.0
008 000331s2000 nyu 000 0 eng
010 |a  00038216  
015 |a GBA0-40009 
020 |a 047135936X (cloth : alk. paper) 
035 0 |a ocm43791043 
040 |a DLC  |c DLC  |d UKM  |d HBS 
042 |a pcc 
043 |a n-us--- 
050 0 0 |a HG4530  |b .B323 2000 
082 0 0 |a 332.63/27  |2 21 
100 1 |a Baker, Molly,  |d 1969- 
245 1 0 |a High-flying adventures in the stock market /  |c Molly Baker. 
260 |a New York :  |b John Wiley,  |c c2000. 
300 |a xi, 270 p. ;  |c 24 cm. 
520 1 |a "Ever wonder what happens to the money you send to your mutual fund? Ever wonder exactly what it takes to produce the performance numbers on your monthly statement? Maybe you own a few stocks, and buy and sell from time to time. But how would you like to be responsible for managing a $2 billion portfolio? What goes on behind the doors of those auspicious funds? Where does your money really go?" "In High-Flying Adventures in the Stock Market, Molly Baker shows you where the money goes. For one full year, Baker followed the day-to-day life of mutual fund manager Jerry Frey, leader of the top-performing Delaware Investments Select Growth Funds. With Baker sitting in, Frey and his team ran millions of dollars in the aggressive and competitive world of the market. Through their experiences, Baker takes you inside the stock market, behind the curtain and into the fast-paced world of mutual fund management. She gives you a real-life taste of what moving billions of dollars is like." "This story gives you access to the real world of the market. Baker shows you exactly why Frey buys the stocks he buys, and why and when he sells. You'll learn firsthand what happens when the Fed lowers rates, and what a savvy mutual fund manager does when the market takes a tumble. You'll be able to see what the pros do, and as a result, you'll get a better handle on how you're managing your own money right now."--Jacket. 
650 0 |a Mutual funds. 
650 0 |a Stocks. 
650 0 |a Investments. 
988 |a 20020608 
906 |0 DLC